How Many of... - Statistics

General Stats
  • This quiz has been taken 41 times
  • The average score is 10 of 14
Answer Stats
Questions Answer % Correct
Oceans 5
100%
Wonders of the World 7
100%
Deadly Sins 7
100%
Horsemen of the Apocalypse 4
94%
Planets 8
94%
Cards in a deck 52
89%
Months for a gestation period 9
71%
Newton's Laws of Motion 3
69%
Countries 196
57%
US Presidents 47
51%
Elements 118
49%
Chromosomes 46
43%
MBTI Personality Types 16
37%
Keys on a piano 88
29%
No matching quizzes found
Score Distribution
Percent of People with Each Score
Percentile by Number Answered
Your Score History
You have not taken this quiz